| 000 | 00824nam a2200229 4500 | ||
|---|---|---|---|
| 001 | 116991 | ||
| 003 | ES-MaACL | ||
| 005 | 20250902063104.0 | ||
| 007 | t| | ||
| 008 | 070228s1977 sp r ||||1| spa d | ||
| 100 | 1 |
_aPasolini, Pier Paolo, _d1922-1975 _989424 |
|
| 245 | 1 | 0 |
_aTrilogía de la vida _b: El Decamerón, Los cuentos de Canterbury, Las mil y una noches / _cPier Paolo Pasolini ; prólogo por José Luis Guarner ; bio-filmografía por Enric Ripoll-Freixes. |
| 250 | _a[1ª ed.]. | ||
| 260 |
_aBarcelona : _bAymá, _c1977. |
||
| 300 |
_a260 p. 2 láms. ; _c24 cm. |
||
| 490 | 1 |
_aVoz- imagen ; _v1 |
|
| 700 | 1 |
_aGuarner, José Luis. _960339 |
|
| 700 | 1 |
_aRipoll-Freixes, Enric. _997434 |
|
| 830 | 0 |
_aVoz- imagen ; _v1 _9231236 |
|
| 852 |
_aES-MaACL _jA-8367 _bR.97547 |
||
| 999 |
_c116991 _d116991 |
||